| 000 | 01849cam a22004457a 4500 | ||
|---|---|---|---|
| 001 | 000087139 | ||
| 003 | CHAP | ||
| 005 | 20220329142439.0 | ||
| 008 | 010226d2000 mx r 00110 spa d | ||
| 010 | _a83612 | ||
| 011 | _a84584 | ||
| 020 | _a9688393045 | ||
| 035 | _a95108 | ||
| 040 | _cCHAP | ||
| 090 | _aFolleto 16162 | ||
| 245 | 0 | 0 |
_aTransferencia de tecnología agrícola a través de la organización y el liderazgo de pequeños grupos de productores / _c/por Luis Alipio Guillén Pérez ...[et al.]. |
| 246 | 0 | _aAnálisis de la comercialización regional de hortalizas en el Valle de Quecholac y Palmar de Bravo | |
| 260 |
_aMontecillo, Méx. : _bColegio de Postgraduados, _c2000. |
||
| 300 | _a67 p. | ||
| 490 | 0 |
_aComunicación en socioeconomía, estadística e informática _v; 4 (2) |
|
| 501 | _aEnc. con: Análisis de la comercialización regional de hortalizas en el Valle de Quecholac y Palmar de Bravo / por Arturo López Espinosa ...[et al.] pp. 26-67 | ||
| 590 |
_aBATCH-UPD _b10 _c20130110 _lUCH01 _h0743 |
||
| 590 |
_aBATCH-UPD _b10 _c20130110 _lUCH01 _h2359 |
||
| 590 |
_aBATCH-UPD _b10 _c20130410 _lUCH01 _h0424 |
||
| 590 |
_aBATCH-UPD _b10 _c20130914 _lUCH01 _h0057 |
||
| 590 |
_aBATCH-UPD _b10 _c20130914 _lUCH01 _h1852 |
||
| 590 |
_aCONVERSION _b10 _c20130109 _lUCH01 _h1346 |
||
| 590 |
_aE11695DGD _b10 _c20150217 _lUCH01 _h1009 |
||
| 590 |
_aE11695DGD _b10 _c20150217 _lUCH01 _h1016 |
||
| 650 | 1 | 4 |
_aAgricultura _xTransferencia de tecnología. _91885 |
| 650 | 1 | 4 |
_aDirigentes. _932700 |
| 650 | 1 | 4 |
_aLegumbres _xMercadeo. _965740 |
| 650 | 1 | 4 |
_aOrganización de productores. _983544 |
| 700 | 0 |
_aGuillén Pérez, Luis Alipio. _951401 |
|
| 700 | 0 |
_aLópez Espinosa, Arturo. _967855 |
|
| 830 | 0 | 0 |
_aComunicación en socioeconomía, estadística e informática _v; 4 (2) _926216 |
| 901 | _aBK | ||
| 942 | _cFOLL | ||
| 942 | _n0 | ||
| 999 |
_c83612 _d83612 |
||